Estadísticas para Países de América del Norte

Haz click aquí para tomar la prueba!

Estadísticas generales

  • Esta prueba ha sido tomada 2,958 veces
  • La puntuación promedio es 20 de 23

Estadísticas de respuestas

País % Correcto
Canadá
100%
México
100%
Estados Unidos
99%
Cuba
97%
Panamá
96%
Haití
94%
Honduras
93%
Guatemala
93%
Costa Rica
92%
El Salvador
92%
Nicaragua
91%
República Dominicana
91%
Jamaica
89%
Bahamas
88%
Belice
88%
Trinidad y Tobago
78%
Barbados
77%
Antigua y Barbuda
77%
Dominica
76%
Santa Lucía
73%
Granada
71%
San Vicente y las Granadinas
68%
San Cristóbal y Nieves
66%

Distribución de puntuación

Porcentaje por número respondido

Porcentaje de gente con cada puntuación

Historial de tus puntuaciones

No has tomado esta prueba